00987 2200181 4500001002100000005001500021035002000036245007200056100001900128250001700147300002900164260004400193082001000237084001600247020002200263650001000285520051000295INLIS00000000000016820240510075728 a0010-05240000901 aWhy? Daily Life Safety :bKeselamatan Sehari-Hari /cCho, Yeongseon0 aCho, Yeongseon acetakan ke-1 a160 hlm :bilus ;c24 cm aJakarta :bElex Media Komputindo,c2017 a613.6 a613.6 CHO w a978-602-044-575-5 4aSains aBerbagai jenis kecelakaan yang terjadi di dalam kehidupan kita sehari-hari dikarenakan kecerobohan yang kita lakukan. Kecelakaan yang terjadi karena mengabaikan hal-hal kecil dapat dicegah dengan peduli dan perhatian lebih. Buku ini mengenalkan berbagai jenis kecelakaan yang seringkali terjadi di sekitar kita, seperti di sekolah, di rumah, di jalan, atau di taman bermain. Dijelaskan juga bagaimana cara mencegah, mengatasi kecelakaan, dan cara melindungi diri dari berbagai hal yang menyebabkan bahaya.